Quizzes
Events
Quiz Creation
Community
Videos
Private Events
Remove Ads
Sign In
Join for FREE
Feedback
Dark Mode
Quiz Categories
Sports
Geography
Music
Movies
Television
Just For Fun
Miscellaneous
History
Literature
Language
Science
Gaming
Entertainment
Religion
Holiday
For Kids
Quiz Lab
Recent
Popular Today
Quiz Kudos Today
Editor Picks
Curator Picks
Quizzes by...
Day
Popularity
Type
Ratings
Length
Year
Community
Subscriptions
Recent Discussions
Orange Saloon
Badges
Playlists
Quests
Create
Leaderboards
Showdown
Live 5
Trivia Bingo
Activity
Puzzle Library
Sporcle Events
Private Events
Virtual Trivia
Globe League
Become a Host
Pub Owners
SporcleCon
Opinionation
Our Games
Videos
Blog
Mobile Apps
Partnerships
Remove Ads and Go Orange
Feedback
Sports
Athletes
MLB
NBA
NHL
NFL
Soccer
Sports Teams
WWE
NCAA
Football
Premier League
Basketball
Baseball
Hockey
Golf
Tennis
Cricket
Rugby
Auto Racing
Olympics
World Cup
Sports
Athletes
MLB
NBA
NHL
NFL
Soccer
Sports Teams
WWE
NCAA
Football
Premier League
Basketball
Baseball
Hockey
Golf
Tennis
Cricket
Rugby
Auto Racing
Olympics
World Cup
Random Quiz
Search Sporcle
×
Quiz Lab
Quiz Lab
Sports
florida
Type in answers that appear in a list
Type in answers that appear in a list
Classic
Best Score? Go Orange.
Florida Marlins 200 Stats
Can you name the top 200 Florida Marlins by most games played from 1993-2010??
By
ironsij0287
18m
200 Questions
1,332 Plays
1,332 Plays
1,332 Plays
Comments
Comments
Give Quiz Kudos
Give Quiz Kudos
-
- Ratings
hide this ad
Replay
Link that replays current quiz
Next Quiz
Link to next quiz in quiz playlist
You Got
0%
They Got
Avg Score
45%
Avg Friend Score
Upgrade to see
Score Distribution
Jump to the score distribution portion of the page
Score
0/200
Timer
18:00
0
Plays Today
Games Played
Player
% Correct
115
Josh Johnson
96.6%
587
Charles Johnson
96.5%
1,014
Jeff Conine
94.3%
758
Hanley Ramirez
92.6%
1,128
Luis Castillo
90.8%
558
Gary Sheffield
90.7%
981
Mike Lowell
90.1%
720
Miguel Cabrera
90%
896
Alex Gonzalez
88.9%
136
Luis Gonzalez
88.6%
144
Ivan Rodriguez
88.4%
844
Derrek Lee
87.7%
67
Kevin Brown
86.9%
106
Josh Beckett
86.8%
41
Brant Brown
86.6%
588
Preston Wilson
85.8%
182
Dontrelle Willis
85.5%
73
Livan Hernandez
84.6%
83
Anibal Sanchez
84.3%
776
Dan Uggla
84.2%
177
Gaby Sanchez
84.2%
159
Jesus Sanchez
84.1%
486
Juan Pierre
83.9%
68
Todd Jones
81.7%
393
Edgar Renteria
80.9%
131
Rich Renteria
80.7%
220
Devon White
80.2%
150
Moises Alou
78.8%
67
Alex Fernandez
78.5%
134
A.J. Burnett
77.1%
181
Bobby Bonilla
76.4%
111
Ryan Jackson
76.3%
100
Mike Stanton
73.9%
104
Mark Smith
73.6%
637
Cliff Floyd
72.1%
195
Craig Counsell
71.2%
58
Andrew Miller
69.6%
108
Justin Miller
69.6%
269
Robb Nen
68.6%
55
Charlie Hough
67.9%
177
Yorkis Perez
66.6%
175
Lenny Harris
66.3%
240
Benito Santiago
64.5%
353
Chuck Carr
63.9%
500
Kevin Millar
63.7%
307
Antonio Alfonseca
63%
192
Orestes Destrade
62%
131
Ricky Nolasco
61.7%
573
Cody Ross
61.6%
62
Logan Morrison
61.3%
416
Josh Willingham
60.9%
77
Al Leiter
60.6%
144
Carlos Delgado
60.5%
177
Vladimir Nunez
60%
143
Leo Nunez
60%
77
Abraham Nunez
60%
391
Mike Jacobs
59.4%
415
Juan Encarnacion
58.8%
484
Mike Redmond
58.5%
401
Jorge Cantu
56.8%
196
John Baker
56.6%
133
Brad Penny
56.6%
123
Richie Lewis
56.6%
516
Jeremy Hermida
55.8%
512
Wes Helms
55.2%
468
Mark Kotsay
55.1%
66
Todd Zeile
54.9%
Games Played
Player
% Correct
60
Eric Reed
54.8%
219
Chris Coghlan
54.7%
125
Ryan Dempster
54.5%
207
Ramon Castro
53.6%
158
Walt Weiss
53.6%
206
Bret Barberie
53.3%
424
Kurt Abbott
52.9%
100
Armando Benitez
52.7%
326
Greg Colbrunn
51.6%
249
Miguel Olivo
50.6%
72
Bryan Harvey
50.3%
274
Matt Treanor
50.1%
205
Paul Lo Duca
49.7%
200
Emilio Bonifacio
48.9%
86
Carl Pavano
48.9%
197
Quilvio Veras
48.5%
48
Jose Veras
48.5%
326
Andy Fox
48.5%
250
Eric Owens
48.5%
423
Alex Arias
48.1%
417
Alfredo Amezaga
48.1%
244
Terry Pendleton
47.9%
93
Todd Hollandsworth
46.8%
368
Braden Looper
46%
178
Jerry Browne
46%
52
Darren Daulton
45%
104
Scott Olsen
44.8%
150
Jim Eisenreich
44.6%
61
Dennis Cook
44.5%
121
Andre Dawson
44.1%
174
Gregg Zaun
43.8%
140
Dave Magadan
43.7%
146
Kevin Gregg
43.3%
144
Cameron Maybin
43.3%
72
Tommy Gregg
43.3%
40
Brett Hayes
43.3%
69
Aaron Boone
43%
81
Mario Diaz
42.8%
55
Matt Turner
39.9%
274
Vic Darensbourg
39.8%
55
John Burkett
39.2%
112
Chris Hammond
38.5%
95
Hee-Seop Choi
38.4%
59
Joe Nelson
38.2%
199
Todd Dunwoody
37.2%
118
Pat Rapp
36.8%
174
Mike Mordecai
34.2%
113
Jason Wood
34.2%
44
Tim Wood
34.2%
103
Matt Mantei
33.8%
354
Dave Berg
33.7%
171
Ronny Paulino
33.3%
67
Alejandro de Aza
33.2%
183
Jay Powell
32.8%
200
Damion Easley
32.7%
191
Matt Lindstrom
32.5%
108
David Weathers
32%
207
John Cangelosi
31.5%
84
Dan Meyer
30.7%
235
Armando Almanza
30.5%
178
Jesus Tavarez
30.3%
46
Tommy Phelps
30.2%
75
Chris Volstad
30.1%
108
Brian Sanches
29.4%
56
Paul Bako
29.4%
57
Junior Felix
29.2%
47
Randy Veres
28.6%
Games Played
Player
% Correct
114
Danny Bautista
28.5%
69
Lee Gardner
28.2%
59
Mark Gardner
28.2%
112
Darrell Whitmore
28%
146
Reggie Abercrombie
27.1%
82
Guillermo Mota
27%
48
Pablo Ozuna
27%
168
Taylor Tankersley
27%
193
Joe Borchard
26.7%
120
Joe Orsulak
26.4%
138
Terry Mathews
26.1%
173
Brett Carroll
25.6%
118
Felix Heredia
24.5%
244
Renyel Pinto
24.4%
115
Rob Natal
24.3%
125
Kevin Orie
24%
39
Ryan Bowen
23.5%
101
Burke Badenhop
23.4%
98
Tim Raines
23.3%
47
Rick Helling
23.3%
117
Ricky Bones
22.5%
137
Bruce Aven
22.5%
120
Greg Briley
21.9%
113
Nate Bump
21.2%
62
Brian Meadows
21.1%
54
Henry Cotto
20.7%
67
Luis Aquino
20.5%
59
Steve Decker
20.4%
56
Kirt Ojala
20.2%
41
Chad Tracy
20%
39
Mike Lamb
19.9%
79
Robert Andino
19.8%
43
Sergio Mitre
19.8%
74
Dan Miceli
19.4%
40
Homer Bush
19.4%
125
Ross Gload
19.2%
68
Brian Moehler
18.9%
82
John Mabry
18.5%
68
Clay Hensley
18.5%
112
Brian Banks
18.4%
104
Michael Tejera
18.3%
72
Joe Borowski
18%
59
Joe Klink
18%
111
Randy Messenger
17.8%
45
Mark Hutton
17.7%
141
Chris Aguila
17.7%
82
Jorge Fabregas
17.1%
109
Logan Kensing
17%
67
Kiko Calero
16.8%
111
Brian Edmondson
16.7%
48
Ryan McGuire
16.6%
57
Russ Morman
16.5%
50
Craig Grebeck
16.3%
41
Billy McMillon
16.2%
104
Matias Carrillo
16.2%
52
Jim Mecir
15.6%
58
Tim Hyers
15.4%
97
John Wehner
15%
40
Toby Borland
14.9%
66
Matt Herges
14.5%
70
Chris Clapinski
14.2%
85
Todd Linden
14%
48
Doug Waechter
13.5%
74
Rob Stanifer
13.4%
54
Blaine Neal
12.5%
90
Matt Perisho
12.4%
Quiz Playlist
Details
Report
Send in Message
Add To Playlist
Classic:
Type in answers that appear in a list
Quiz Source
Last Updated: Feb 16, 2017
Quiz Scoreboard
CHALLENGE
Sign Up to Join the Scoreboard
Show All
Scores
Hide
Comments
May contain spoilers
Recently Published
One Thing in Common: World Cities II
by knightlancer
Geography
7m
Popular People in 1961
by mucciniale
History
6m
1-10 Letter E Words III
by El_Dandy
Language
2m
More to Explore
Quiz From the Vault
Featured Blog Post
Where Did the Easter Bunny Come From?
hide this ad
You Might Also Like...
Tags
1980s
200
florida
Miami Marlins
Player
Today's Top Quizzes in Sports
Browse Sports
hide this ad
Today's Top Quizzes in florida
Browse florida
Top Contributed Quizzes in Sports
1
Les meilleurs buteurs des matchs entre le PSG et l’OM
2
Les entraîneurs de l'OM et du PSG au 21e siècle
3
2022 World Cup Stars
4
FIFA Club World Cup Champions
5
Name the Premier League winners with different clubs
6
La finale Lions - Afrique du Sud 2021
7
Criteria MLB: Left Handed Sluggers
8
Players with Multiple 50 Home Run Seasons
9
MLB Players with Two .350 Batting Average Seasons
10
MLB Hall of Famer by Rings
Explore More
Trending Topics
Disney
Crossword
Anime
Kpop
NBA
Harry Potter
Marvel
Song
WWE
Puzzle
The Office
Country
Pokémon
Soccer
NFL
hide this ad
More By:
ironsij0287
Quiz
Plays
Rating
Category
Featured
Created
Alphabetical US States
366,602
4.51
Geography
Sep 9, 2009
NBA Western Scoring Leaders (2000s)
315,048
4.60
Sports
Oct 3, 2010
MLB Home Run Leaders (1990s)
260,130
4.51
Sports
Aug 26, 2009
Beers of the World
255,887
4.10
Miscellaneous
Aug 4, 2009
NBA Eastern Scoring Leaders (2000s)
203,040
4.52
Sports
Oct 3, 2010
Go to Creator's Profile
Score Distribution
Quiz Creator Spotlight
ironsij0287
Follow
Send a Message
Quizzes Created
-
Created Quiz Play Count
-
More By This Creator
Popular Quizzes Today
1
Find the US States - No Outlines Minefield
2
The Countries of the World
3
Find the Countries of Europe - No Outlines Minefield
4
Popular People in 1961
5
1-10 Letter E Words III
6
Find the US States
7
One Thing in Common: World Cities II
8
US States
More Sports Quizzes
Last XI: Arjen Robben
Quiz Lab
Trending Quizzes
Risky Map Clicking: Least Populous States A-Z
1-10 Letter F Words
1-10 Letter G Words
One Thing in Common: United Kingdom
Risky Map Clicking: Next State Alphabetically
Recently Updated
Leaping Animals
pecheneg
Reality TV Shows (A-Z)
bhenderson79
Rickey Henderson's Hall of Fame Teammates
pecheneg
Champions League XIs: Arsenal
pecheneg
Quick Pick: Celebrities in WWE's Hall of Fame
aduchscher
A-Z Keypad Blitz II
pecheneg
Multiple Oscar Actors
pecheneg
Mystery Phrase Blitz: Oscar 'Best Actors'
pecheneg
F. Scott Fitzgerald Novels
LTH
Pick 3 Villains
ddd62291
Trending Topics
Crossword
Harry Potter
Disney
Anime
Kpop
NBA
Marvel
Song
The Office
Soccer
Pokémon
NFL
Puzzle
WWE
Country
Your Account Isn't Verified!
In order to create a playlist on Sporcle, you need to verify the email address you used during registration. Go to your
Sporcle Settings
to finish the process.
Report this User
Report this user for behavior that violates our
Community Guidelines
.
Details:
Send Report
Go to the Sporcle.com Mobile Site →
Comments